The ecosystem approach to fisheries

Na minha lista:
Detalhes bibliográficos
Autor principal: Bianchi, Gabriella
Outros Autores: Skjoldal, Hein Rune
Formato: Livro
Idioma:inglês
Publicado em: Oxford Cabi 2008
Assuntos:
Tags: Adicionar Tag
Sem tags, seja o primeiro a adicionar uma tag!

MARC

LEADER 00000nam a2200000 a 4500
001 UCH9037
003 CL-VaPUC
005 20211113074317.0
008 091217e20080000uk |||||||||||||||||eng|d
999 |c 339105  |d 339103 
040 |c Pontificia Universidad Católica de Valparaíso 
082 0 4 |a 639.2 BIA 2008 2008  |2 21 
100 0 |a Bianchi, Gabriella  |9 545849 
245 1 4 |a The ecosystem approach to fisheries 
260 |a Oxford  |b Cabi  |c 2008 
300 |a 363 páginas 
583 |a last modification  |c 20171005 01:05:34  |k Rodrigo Vera 
650 7 |a PESCA COMERCIAL  |2 CL-VaPUC  |9 545851 
650 7 |a PRODUCTIVIDAD MARINA  |2 CL-VaPUC  |9 466526 
650 0 |a Gestión de stocks  |9 365220 
650 7 |a ECOSISTEMA MARINO  |2 CL-VaPUC  |9 466543 
700 0 |a Skjoldal, Hein Rune  |9 545850 
942 |c BK  |2 ddc 
945 |d 20091217 00:00:00  |a dcastane 
952 |0 0  |1 0  |2 ddc  |4 0  |6 639_200000000000000_BIA_2008_2008  |7 0  |8 CCM  |9 432533  |a BIBCUR  |b BIBCUR  |d 2019-11-22  |i 4627733  |o 639.2 BIA 2008 2008  |p 4627733  |r 2025-04-22  |t 1  |w 2019-11-22  |y BK  |k CIM